Top Italian Goalscorer in Different Football Competitions - Statistics

General Stats
  • This quiz has been taken 58 times
  • The average score is 11 of 24
Answer Stats
Competition Goals Years Club(s) Answer % Correct
UEFA Champions League/European Cup -- Men 46 1997-'99, 2000/01, 2002-'08, 2009-'11 AC Milan, Juventus Filippo Inzaghi
96%
FIFA World Cup Finals -- Men 9 1990, 1994, 1998 --- Roberto Baggio
91%
FIFA World Cup Finals -- Men 9 1998, 2002 --- Christian Vieri
83%
Spanish La Liga -- Men 64 2007-'12, 2015-'17 Villarreal, Celta Vigo, Levante Giuseppe Rossi
81%
UEFA EUROs -- Men 3 2012 --- Mario Balotelli
81%
FIFA World Cup Finals -- Men 9 1978, 1982 --- Paolo Rossi
81%
International Football -- Men 35 1965-1974 --- Luigi Riva
68%
English Premier League 66 1997-2004 West Ham United, Sheffield Wednesday, Charlton Athletic Paolo Di Canio
66%
Italian Serie A -- Men 274 1929-'43, 1946-'54 Pro Vercelli, Lazio, Juventus, Novara Silvio Piola
60%
German Bundesliga 60 2012/13, 2016- SC Freiburg, Hoffenheim, Borussia Mönchengladbach Vincenzo Grifo
53%
Major League Soccer 68 2015-2019 Toronto FC Sebastian Giovinco
51%
Europa League/UEFA Cup 25 1977/78, 1979/80, 1981/82, 1983-'89 Inter Milan, Juventus Alessandro Altobelli
49%
UEFA EUROs -- Men 3 2004, 2008, 2012 --- Antonio Cassano
42%
Dutch Eredivisie 64 2007-'11, 2012-'14 Feyenoord, AZ Alkmaar Graziano Pellè
40%
Turkish Süper Lig 31 2021-2023 Fatih Karagümrük Fabio Borini
21%
French Ligue 1 50 1997-'01, 2003/04 AS Monaco, Paris Saint-Germain, Nice Marco Simone
17%
FIFA World Cup Finals -- Women 4 1991 --- Carolina Morace
15%
UEFA EUROs -- Women 18 1984, 1987, 1989, 1991, 1993, 1995, 1997 --- Carolina Morace
15%
Portuguese Primeira Liga 14 2005-2007 Benfica Fabrizio Miccoli
15%
International Football -- Women 110 1996-2014 --- Patrizia Panico
13%
UEFA Champions League -- Women 31 2007-2014 Torres, Bardolino Patrizia Panico
13%
Italian Serie A -- Women 647 1993-2016 Lazio, Torres, Torino, Bardolino, Modena, Verona, AC Milan, Fiorentina Patrizia Panico
13%
Spanish La Liga -- Women 53 2008-2011 Levante, Espanyol Pamela Conti
6%
German Frauen Bundesliga 34 2014-2016 SC Sand, Turbine Potsdam Ilaria Mauro
4%
No matching quizzes found
Score Distribution
Percent of People with Each Score
Percentile by Number Answered
Your Score History
You have not taken this quiz